| 000 -LEADER |
| fixed length control field |
01021nam a22002777a 4500 |
| 003 - CONTROL NUMBER IDENTIFIER |
| control field |
OSt |
| 005 - DATE AND TIME OF LATEST TRANSACTION |
| control field |
20251113093138.0 |
| 008 - FIXED-LENGTH DATA ELEMENTS--GENERAL INFORMATION |
| fixed length control field |
251113b ||||| |||| 00| 0 eng d |
| 020 ## - INTERNATIONAL STANDARD BOOK NUMBER |
| International Standard Book Number |
9781499809459 |
| 040 ## - CATALOGING SOURCE |
| Transcribing agency |
KH8 |
| 082 ## - DEWEY DECIMAL CLASSIFICATION NUMBER |
| Classification number |
813.6 LEN |
| 100 1# - MAIN ENTRY--PERSONAL NAME |
| Personal name |
Lenzi, Christy |
| Relator term |
author |
| 245 14 - TITLE STATEMENT |
| Title |
The forty thieves |
| Remainder of title |
Marjana's tale |
| 250 ## - EDITION STATEMENT |
| Edition statement |
First Edition |
| 264 #1 - PRODUCTION, PUBLICATION, DISTRIBUTION, MANUFACTURE, AND COPYRIGHT NOTICE |
| Place of production, publication, distribution, manufacture |
251 Park Avenue South,New York, NY |
| Name of producer, publisher, distributor, manufacturer |
Yellow Jacket |
| Date of production, publication, distribution, manufacture, or copyright notice |
2019 |
| 300 ## - PHYSICAL DESCRIPTION |
| Extent |
270 pages |
| Dimensions |
22 cm x 14 cm |
| Other physical details |
b illustration |
| 520 ## - SUMMARY, ETC. |
| Summary, etc. |
A loose retelling of Ali Baba and the Forty Thieves, set in tenth-century Baghdad, in which twelve-year-old Marjana tries to keep her brother, Jamal, from joining a gang while helping Ali Baba, their master's cruel brother. |
| 521 1# - TARGET AUDIENCE NOTE |
| Target audience note |
Ages 10-14. |
| 650 #1 - SUBJECT ADDED ENTRY--TOPICAL TERM |
| Topical term or geographic name entry element |
Siblings |
| Form subdivision |
Fiction |
| 650 #1 - SUBJECT ADDED ENTRY--TOPICAL TERM |
| Topical term or geographic name entry element |
Slavery |
| Form subdivision |
Fiction |
| 650 #1 - SUBJECT ADDED ENTRY--TOPICAL TERM |
| Topical term or geographic name entry element |
Gangs |
| Form subdivision |
Fiction |
| 650 #7 - SUBJECT ADDED ENTRY--TOPICAL TERM |
| Topical term or geographic name entry element |
JUVENILE FICTION |
| Source of heading or term |
Legends, Myths, Fables |
| 650 #7 - SUBJECT ADDED ENTRY--TOPICAL TERM |
| Topical term or geographic name entry element |
JUVENILE FICTION |
| Source of heading or term |
Historical/Asia |
| 650 #7 - SUBJECT ADDED ENTRY--TOPICAL TERM |
| Topical term or geographic name entry element |
JUVENILE FICTION |
| Source of heading or term |
Adventure |
| 942 ## - ADDED ENTRY ELEMENTS (KOHA) |
| Source of classification or shelving scheme |
|
| Koha item type |
Books - Fiction |